| 000 | 01408cam a22004214i 4500 | ||
|---|---|---|---|
| 003 | PE-LiUPU | ||
| 005 | 20250731173207.0 | ||
| 008 | 150625s r 000 0 d | ||
| 035 | _a(Sirsi) a31488 | ||
| 040 |
_aPE-LiUPU _bspa _cPE-LiUPU _erda |
||
| 082 | 0 | 4 |
_a200.1 _bV25 _221 |
| 100 | 1 |
_aVan der Leeuw, Gerardus, _d890-1950, _eautor. |
|
| 245 | 1 | 3 |
_aLa religion dans son essence et ses manifestations : phénoménologie de la religion / _cG. Van der Leeuw ; traducteur, Jacques Marty. |
| 250 | _aEdición francesa revisada y actualizada | ||
| 264 | 1 |
_aParis : _bPayot, _c1970 |
|
| 336 |
_atext _2rdacontent |
||
| 337 |
_aunmediated _2rdamedia |
||
| 338 |
_avolume _2rdacarrier |
||
| 526 | _aSEG42 | ||
| 526 | _aSEG41 | ||
| 526 | _aSEG40 | ||
| 526 | _aSEG39 | ||
| 526 | _aP94 | ||
| 526 | _aP87 | ||
| 526 | _aP86 | ||
| 526 | _aP85 | ||
| 526 | _aP77 | ||
| 526 | _aP76 | ||
| 526 | _aP35 | ||
| 650 | 0 | 4 | _aFilosofía y religión. |
| 650 | 0 | 4 | _aFenomenología. |
| 910 | _a | ||
| 942 |
_2ddc _cBOOK |
||
| 949 |
_a200.1 V25 _wDEWEY _c1 _i00064 _lCCODEBUL1 _mBUL _p00.00 _r0 _sY _tBOOK _u2015-06-25 _xBIBLIOTECA _zUNKNOWN _0COMPRA _o.STAFF. Colección General |
||
| 596 | _a1 | ||
| 999 |
_a200.1 V25 _wDEWEY _c39047 _i00064 _f2021-11-9 _g5 _lCCODEBUL1 _mBUL _r0 _sY _tBOOK _u2015-6-25 _xTEOLOGIA _zUNKNOWN _0COMPRA _o.STAFF. Colección General _d39047 |
||
| 980 |
_81 _gALBERTO SANCHEZ Responsable de Automatización |
||